000 00601nam a2200193 a 4500
005 20210219160313.0
008 081008s1995 mx r 000 0 spa d
035 _aUPN01000162874
049 _aUNE
080 _a37(091) (51)=20 1949-94 CHI.
245 0 0 _aChina's achievements in education 1949-1994.
260 _aChina :
_bState Education Commission,
_c1995.
300 _a28 p. :
_bil.
690 _aHistoria educacional - China
690 _aDesarrollo de la educación - China
690 _aChina - Historia educacional
710 1 _aChina.
_bState Education Commission
905 _aUNESCO
999 _c134987
_d134987